000
00249nam a22001097a 4500
999
_c
480213
_d
480213
003
NUST
008
161019t xxu||||| |||| 00| 0 eng d
038
_a
Mian Adnan
082
_a
616.07
245
_a
immunology for medical students
942
_2
ddc
_c
BK